| 000 | 00584nam a2200205Ia 4500 | ||
|---|---|---|---|
| 003 | OSt | ||
| 005 | 20211124061921.0 | ||
| 008 | 151021s9999 xx 000 0 und d | ||
| 020 | _a9780976482239 | ||
| 040 |
_cMMU _dMMU _beng _aMMU |
||
| 050 | _aHD 62.15.B48 2005 | ||
| 245 |
_aSystem Busters How to stop them in your business / _cPhilip Paul Beyer |
||
| 260 |
_aNew York : _c2005. _bBeyer, |
||
| 300 | _av,154 p. : | ||
| 500 | _aIncludes index | ||
| 500 | _aIncludes index | ||
| 650 | _a_Business Busters | ||
| 942 |
_2lcc _cLOAN LOAN |
||
| 980 | _a^d20131104 10:37:59^oanne | ||
| 999 |
_c14590 _d14590 |
||